Kraje hiszpańsko-języczne - Statystyki

Ogólne statystyki
  • Ten quiz został rozwiązany 598 razy
  • Średni wynik to 15 z 22
Statystyki odpowiedzi
^^ Odpowiedź % Poprawnych
# Hiszpania
99%
# Argentyna
92%
# Kolumbia
88%
# Meksyk
88%
# Chile
87%
# Peru
84%
# Wenezuela
84%
# Boliwia
79%
# Paragwaj
79%
# Urugwaj
79%
# Kuba
77%
# Panama
76%
# Ekwador
75%
# Dominikana
69%
# Honduras
69%
# Kostaryka
66%
# Gwatemala
62%
# Nikaragua
62%
# Salwador
61%
# Filipiny
25%
# Gwinea Równikowa
23%
# Portoryko
18%
Nie znaleziono quizów pasujących do podanych kryteriów
Rozkład punktacji
Procent ludzi z każdym wynikiem
Percentyl według liczby udzielonych odpowiedzi
Twoja historia wyników
Nie rozwiązałeś tego quizu